Baby Names: Top 100 Girls (2010) Quiz Stats

Quiz Updated Jul 22, 2014

Challenge
Share
Tweet
Embed
Score 0/100 Timer 10:00
5 Plays Today
Rank Name % Correct
30Sarah
73.1%
6Emily
71.3%
12Elizabeth
69.5%
3Emma
69.3%
28Anna
66.2%
92Jessica
63.6%
22Hannah
60.5%
100Rachel
58.7%
70Katherine
58.5%
4Olivia
55.9%
1Isabella
55.4%
8Madison
54.1%
86Maria
53.7%
58Lauren
53.1%
27Ashley
51.7%
15Samantha
51.5%
18Grace
48.3%
55Julia
48.1%
2Sophia
47.7%
50Alexa
46.2%
5Ava
44.8%
32Victoria
44.4%
7Abigail
43.8%
38Allison
43.5%
9Chloe
43.5%
17Lily
43.1%
64Alexandra
42%
59Sophie
41.8%
13Ella
41.3%
36Taylor
41.1%
31Zoe
39.3%
14Natalie
38.7%
16Alexis
38.6%
88Caroline
38.1%
Rank Name % Correct
48Bella
38%
91Eva
37.2%
24Leah
35.5%
49Kayla
35.4%
45Charlotte
34.9%
29Brianna
34%
53Claire
33.8%
10Mia
33.5%
87Molly
33.5%
68Kimberly
33.3%
20Alyssa
33.1%
77Madeline
32.8%
63Morgan
32%
75Lucy
31.9%
19Hailey
30.4%
72Brooke
30.4%
11Addison
30.2%
74Faith
30.1%
80Andrea
29.8%
90Kaitlyn
28.9%
33Gabriella
28.5%
41Amelia
28.2%
95Gabrielle
28.1%
62Jasmine
27.9%
69Mackenzie
27.3%
57Kylie
26.5%
26Sofia
26.3%
39Evelyn
25.8%
21Lillian
25.6%
52Audrey
25.5%
99Paige
25.5%
40Riley
24.9%
35Kaylee
24.6%
82Melanie
24.5%
Rank Name % Correct
34Brooklyn
23.6%
46Savannah
23.6%
23Avery
23.4%
78Bailey
23%
47Zoey
23%
71Destiny
23%
93Angelina
22.7%
67Maya
22.5%
60Sydney
21.9%
44Aubrey
21.7%
25Nevaeh
20.5%
54Arianna
19.9%
76Madelyn
19.8%
51Peyton
19.2%
83Ariana
19.1%
43Makayla
19%
97Mariah
17.9%
42Khloe
17.6%
85Stella
17.5%
81Autumn
17.4%
98Natalia
16.6%
37Layla
16.4%
79Payton
16.1%
96Naomi
16%
65Jocelyn
15.8%
73Trinity
15.6%
56Aaliyah
14.5%
94Valeria
12.9%
66Gianna
12.8%
84Serenity
11.3%
89Genesis
11%
61Camila
9.6%

You're not logged in!

Compare scores with friends on all Sporcle quizzes.
Sign Up with Email
OR
Log In

You Might Also Like...

Show Comments

Extras

Top Quizzes Today


Score Distribution

Your Account Isn't Verified!

In order to create a playlist on Sporcle, you need to verify the email address you used during registration. Go to your Sporcle Settings to finish the process.